Ewige Tabelle der Bundesliga - Statistiken

Allgemein
  • Dieses Quiz wurde 369 mal gespielt
    236 seit der letzten Aktualisierung
  • Das Durchschnittsergebnis liegt bei 40 aus 56
Antwortstatistiken
P. Jahre Bundesland Bundesligist Punkte % Korrekt
1 55 Bayern FC Bayern München 3769
100%
3 56 Bremen SV Werder Bremen 2855
99%
2 53 Nordrhein-Westfalen Borussia Dortmund 2875
98%
4 55 Hamburg Hamburger SV 2733
98%
12 37 Berlin Hertha BSC 1674
93%
9 48 Nordrhein-Westfalen 1. FC Köln 2327
91%
8 51 Hessen Eintracht Frankfurt 2336
91%
7 52 Nordrhein-Westfalen FC Schalke 04 2516
91%
6 52 Nordrhein-Westfalen Borussia Mönchengladbach 2625
89%
5 53 Baden-Württemberg VfB Stuttgart 2654
88%
49 1 Berlin 1. FC Union Berlin 41
86%
24 14 Rheinland-Pfalz 1. FSV Mainz 05 597
85%
10 41 Nordrhein-Westfalen Bayer 04 Leverkusen 2185
85%
22 20 Baden-Württemberg SC Freiburg 803
85%
14 33 Bayern 1. FC Nürnberg 1318
84%
28 9 Bayern FC Augsburg 357
84%
55 1 Sachsen VfB Leipzig 20
84%
15 30 Niedersachsen Hannover 96 1174
83%
37 5 Saarland 1. FC Saarbrücken 144
80%
18 25 Nordrhein-Westfalen Fortuna Düsseldorf 1024
80%
17 23 Niedersachsen VfL Wolfsburg 1089
80%
21 20 Bayern TSV 1860 München 884
79%
13 34 Nordrhein-Westfalen VfL Bochum 1374
78%
23 16 Nordrhein-Westfalen Arminia Bielefeld 598
76%
20 21 Niedersachsen Eintracht Braunschweig 903
75%
27 12 Mecklenburg-Vorpommern Hansa Rostock 479
75%
19 24 Baden-Württemberg Karlsruher SC 953
74%
32 8 Hamburg FC St. Pauli 254
73%
31 7 Nordrhein-Westfalen Rot-Weiß Essen 262
73%
25 12 Baden-Württemberg TSG 1899 Hoffenheim 557
73%
16 28 Nordrhein-Westfalen MSV Duisburg 1147
71%
47 2 Nordrhein-Westfalen SC Paderborn 07 51
70%
40 4 Hessen SV Darmstadt 98 117
70%
46 2 Bayern FC Ingolstadt 04 72
68%
53 1 Bayern SpVgg Greuther Fürth 21
67%
38 4 Sachsen Dynamo Dresden 140
66%
11 44 Rheinland-Pfalz 1. FC Kaiserslautern 2094
64%
34 6 Brandenburg Energie Cottbus 211
64%
56 1 Berlin SC Tasmania 1900 Berlin 10
63%
48 2 Berlin Tennis Borussia Berlin 49
63%
29 7 Baden-Württemberg SV Waldhof Mannheim 285
59%
33 4 Sachsen RasenBallsport Leipzig 252
57%
50 1 Baden-Württemberg SSV Ulm 1846 35
57%
30 7 Hessen Kickers Offenbach 282
54%
52 1 Nordrhein-Westfalen Preußen Münster 30
54%
26 14 Nordrhein-Westfalen KFC Uerdingen 05 543
51%
45 2 Baden-Württemberg Stuttgarter Kickers 77
50%
44 2 Bayern SpVgg Unterhaching 79
49%
39 4 Nordrhein-Westfalen Rot-Weiß Oberhausen 139
48%
43 3 Saarland FC 08 Homburg 90
46%
41 3 Nordrhein-Westfalen Wuppertaler SV 102
43%
51 1 Nordrhein-Westfalen SC Fortuna Köln 33
42%
36 4 Nordrhein-Westfalen SG Wattenscheid 09 150
42%
54 1 Berlin Blau-Weiß 90 Berlin 21
40%
42 3 Saarland Borussia Neunkirchen 93
39%
35 4 Nordrhein-Westfalen Alemannia Aachen 157
34%
Keine übereinstimmenden Quizze gefunden
Verteilung der Resultate
Anzahl Personen mit jedem Resultat
Perzentil nach korrekt beantworteten Fragen
Ihre Resultats-Entwicklung
Sie haben dieses Quiz seit der letzten Aktualisierung nicht gespielt